Catálogo
 En Linea

Informe sobre la situación de los derechos humanos en República Dominicana. (Registro nro. 27278)

Detalles MARC
000 -CABECERA
campo de control de longitud fija 01712nam a2200265 a 4500
001 - NÚMERO DE CONTROL
campo de control 000027786
003 - IDENTIFICADOR DEL NÚMERO DE CONTROL
campo de control DO-SdBNP
005 - FECHA Y HORA DE LA ÚLTIMA TRANSACCIÓN
campo de control 20230209101637.0
007 - CAMPO FIJO DE DESCRIPCIÓN FÍSICA--INFORMACIÓN GENERAL
campo de control de longitud fija ta
008 - DATOS DE LONGITUD FIJA--INFORMACIÓN GENERAL
campo de control de longitud fija 110404s1999 xxu 000 0 spa d
040 ## - FUENTE DE LA CATALOGACIÓN
Centro catalogador/agencia de origen DO-SdBNP
Lengua de catalogación spa
Centro/agencia transcriptor BNPHU
082 ## - NÚMERO DE LA CLASIFICACIÓN DECIMAL DEWEY
Número de clasificación 323
Número de documento/Ítem O68i
Número de edición 22
110 ## - ENTRADA PRINCIPAL--NOMBRE DE ENTIDAD CORPORATIVA
Nombre de entidad corporativa o nombre de jurisdicción como elemento de entrada Organización de los Estados Americanos.
Unidad subordinada Comisión Interamericana de Derechos Humanos
9 (RLIN) 83092
245 00 - MENCIÓN DE TÍTULO
Título Informe sobre la situación de los derechos humanos en República Dominicana.
260 ## - PUBLICACIÓN, DISTRIBUCIÓN, ETC.
Lugar de publicación, distribución, etc. Washington :
Nombre del editor, distribuidor, etc. Secretaría General, Organización de los Estados Americanos,
Fecha de publicación, distribución, etc. 1999.
300 ## - DESCRIPCIÓN FÍSICA
Extensión viii, 120 p. ;
Dimensiones 28 cm.
500 ## - NOTA GENERAL
Nota general OEA/Ser.L/V/II.104, doc. 49 rev. 1, 7 octubre 1999, original: español.
505 ## - NOTA DE CONTENIDO CON FORMATO
Nota de contenido con formato Introducción 9|Antecedentes 11|Organización Político-Jurídica de la República Dominicana 21|Derecho al Recurso Judicial y la Administración de Justicia en la República Dominicana 31|El Derecho a la Vida en la República Dominicana 41|Derecho a la Integridad Personal en la República Dominicana 49|Derecho a la Libertad Personal 57|Derecho a la Libertad de Pensamiento y Expresión 67|Condiciones de los Centros Penitenciarios y la situación de los prisioneros 71|Situación de los trabajadores migrantes haitianos y sus familias en la República Dominicana 85|Situación de la mujer en la República Dominicana 97|Situación de los menores en la República Dominicana 107|Conclusiones y recomendaciones 115|Anexos 125
590 ## - NOTA LOCAL (RLIN)
Nota local Inventariado, 2023 / DG
650 ## - PUNTO DE ACCESO ADICIONAL DE MATERIA--TÉRMINO DE MATERIA
Término de materia o nombre geográfico como elemento de entrada DERECHOS CIVILES
Subdivisión general REPUBLICA DOMINICANA
9 (RLIN) 83093
650 ## - PUNTO DE ACCESO ADICIONAL DE MATERIA--TÉRMINO DE MATERIA
Término de materia o nombre geográfico como elemento de entrada DERECHOS HUMANOS
Subdivisión geográfica REPUBLICA DOMINICANA
9 (RLIN) 12374
710 2# - PUNTO DE ACCESO ADICIONAL--NOMBRE DE ENTIDAD CORPORATIVA
Nombre de entidad corporativa o nombre de jurisdicción como elemento de entrada Comisión Interamericana de Derechos Humanos
9 (RLIN) 54857
910 ## - DATOS DE OPCIÓN DEL USUARIO (OCLC)
Datos de opción del usuario DH
942 ## - ELEMENTOS DE PUNTO DE ACCESO ADICIONAL (KOHA)
Fuente del sistema de clasificación o colocación Dewey Decimal Classification
Tipo de ítem Koha Libro
Existencias
Estado de retiro Estado de pérdida Restricciones de uso No para préstamo Código de colección Localización permanente Ubicación/localización actual Ubicación en estantería Fecha de adquisición Número de inventario Total de préstamos Signatura topográfica completa Código de barras Fecha visto por última vez Precio válido a partir de Tipo de ítem Koha Número de copia Fuente del sistema de clasificación o colocación
    Préstamo en sala   Dominicana de Servicio Biblioteca Nacional Pedro Henríquez Ureña Biblioteca Nacional Pedro Henríquez Ureña En catalogación 09.02.2023     BNPHU DS 323 O68i 2023-0791 09.02.2023 09.02.2023 Libro e.3 Dewey Decimal Classification
      Excluido de préstamo Monografías: Libros y Folletos Patrimonio Dominicano Patrimonio Dominicano Depósito 04.04.2011 LF1   27786-10 25.06.2020 25.06.2020 No se presta    
      Excluido de préstamo Monografías: Libros y Folletos Patrimonio Dominicano Patrimonio Dominicano En catalogación 29.09.2011 LF1   27786-20 25.06.2020 25.06.2020 No se presta e. 2  

Con tecnología Koha